2024 8/ Calendrier de l'Avent Géographie 2 - Statistiques

Statistiques générales
  • Ce quiz a été pris 19 fois
  • Le résultat moyen est 24 sur 33
Statistiques - réponses
Hint Réponse % Correct
A Avignon
94%
E Evreux
94%
N Nice
94%
T Toulouse
88%
A Alençon
81%
A Amiens
81%
N Nantes
81%
N Nevers
81%
N Nîmes
81%
T Toulon
81%
V Valence
81%
A Ajaccio
75%
A Annecy
75%
A Auch
75%
N Nanterre
75%
T Tulle
75%
V Vannes
75%
A Agen
69%
A Arras
69%
A Aurillac
69%
E Évry-Courcouronnes
69%
N Nancy
69%
T Tarbes
69%
A Albi
63%
A Angers
63%
E Epinal
63%
N Niort
63%
T Tours
63%
T Troyes
63%
A Angoulême
56%
V Versailles
56%
V Vesoul
50%
A Auxerre
44%
Aucun quiz correspondant
Distribution des résultats
% des personnes avec chaque résultat
Percentile par nombre de réponses
Votre historique - résultats
Vous n’avez pas pris ce quiz